000 00805cam a2200253 i 4500
003 PILC
005 20160625111719.0
008 130629s2013 enka 001 0 eng
010 _a2013371167
020 _a9781107606302 (paperback)
040 _aDLC
_beng
_cDLC
_erda
_dDLC
042 _apcc
050 0 0 _aBF 441
_b.B79 2013
100 1 _aButterworth, John,
_d1944-
245 1 0 _aThinking skills :
_bcritical thinking and problem solving /
_bJohn Butterworth and Geoff Thwaites.
250 _a2nd edition.
260 _aCambridge :
_bCambridge University Press,
_c2013.
300 _aiv, 348 pages :
_billustrations ;
_c25 cm.
440 0 _aCambridge international examinations.
500 _aIncludes indexes.
650 0 _aCritical thinking.
700 1 _aThwaites, Geoff.
942 _2lcc
_cBK
999 _c275593
_d275593